A history of the crusades /

محفوظ في:

المؤلف الرئيسي: Runciman, Steven, 1903-2000 (مؤلف)

التنسيق: كتاب

اللغة: English

منشور في: Harmondsworth : Penguin Books, 1965.

سلاسل: Peregrine books ; Y50-52.

الموضوعات:

الوسوم: إضافة وسم

لا توجد وسوم, كن أول من يضع وسما على هذه التسجيلة!

رقم الطلب: D157 .R8 1965 v.1-3

LEADER 00884namaa2200253 4500
001 21159
003 OSt
005 20251130080947.0
008 130303s1965 enkabfj b 001 0 eng d
040 |c ARCE Library 
050 4 |a D157 .R8 1965 v.1-3 
100 1 |a Runciman, Steven,  |d 1903-2000,  |e author  |9 38786 
245 1 2 |a A history of the crusades /  |c Steven Runciman. 
246 3 |a Kingdom of Jerusalem. 
246 3 |a Kingdom of Acre. 
264 1 |a Harmondsworth :   |b Penguin Books,   |c 1965. 
300 |a 3 volumes, [16] p. of plates :   |b ill., maps, genealogical tables ;   |c 20 cm. 
490 0 |a Peregrine books ;   |v Y50-52. 
504 |a Includes bibliographical references and index. 
505 0 |g volume 1.  |t The first Crusade --  |g volume 2.  |t The kingdom of Jerusalem --  |g volume 3.  |t The kingdom of acre. 
650 0 |a Crusades. 
901 |a reviewed 
942 |c BK  |2 lcc 
999 |c 18646  |d 18646